Sports Quiz

Random Sports or NBA Quiz
Score 0/90 Timer 10:00
0 Plays Today
Hint Answer % Correct
30.Philadelphia 76earsBen Simmons
92.6%
30.Philadelphia 76earsJoel Embiid
90.9%
1.Golden State WarriorsStephen Curry
85.9%
3.Cleveland CavaliersLeBron James
85.5%
30.Philadelphia 76earsMarkelle Fultz
85.1%
1.Golden State WarriorsKevin Durant
84.9%
2.Oklahoma City ThunderRussell Westbrook
84.6%
2.Oklahoma City ThunderPaul George
84.4%
28.Chicago BullsRobin Lopez
84.4%
19.Los Angeles LakersBrook Lopez
84.4%
1.Golden State WarriorsKlay Thompson
84.1%
4.Boston CelticsKyrie Irving
83.9%
2.Oklahoma City ThunderCarmelo Anthony
83.6%
8.Houston RocketsJames Harden
83.3%
6.New Orleans PelicansAnthony Davis
83.3%
5.Minnesota TimberwolvesJimmy Butler
83.3%
8.Houston RocketsChris Paul
83.2%
5.Minnesota TimberwolvesKarl-Anthony Towns
82.6%
3.Cleveland CavaliersIsaiah Thomas
82.3%
6.New Orleans PelicansDeMarcus Cousins
81.8%
4.Boston CelticsGordon Hayward
81.8%
15.Memphis GrizzliesMarc Gasol
81.7%
7.San Antonio SpursKawhi Leonard
81.7%
7.San Antonio SpursPau Gasol
81.7%
11.Washington WizardsJohn Wall
81.3%
9.Toronto RaptorsDeMar DeRozan
81.1%
27.Dallas MavericksDirk Nowitzki
81%
9.Toronto RaptorsKyle Lowry
80.9%
5.Minnesota TimberwolvesAndrew Wiggins
80.9%
4.Boston CelticsAl Horford
80.8%
Hint Answer % Correct
23.Phoenix SunsDevin Booker
80.5%
12.Portland Trail BlazersDamian Lillard
80.2%
18.Los Angeles ClippersBlake Griffin
80.1%
22.Brooklyn NetsTrevor Booker
80.1%
14.Charlotte HornetsKemba Walker
79.6%
29.Atlanta HawksDennis Schroder
79.5%
11.Washington WizardsBradley Beal
79.5%
19.Los Angeles LakersLonzo Ball
79.2%
18.Los Angeles ClippersDeAndre Jordan
79.2%
3.Cleveland CavaliersDwyane Wade
78.6%
20.New York KnicksKristaps Porzingis
78.6%
17.Miami HeatHassan Whiteside
78.1%
16.Detroit PistonsAndre Drummond
78.1%
22.Brooklyn NetsD'Angelo Russell
77.8%
21.Utah JazzRudy Gobert
77.8%
7.San Antonio SpursLaMarcus Aldridge
77.3%
28.Chicago BullsZach LaVine
77.1%
15.Memphis GrizzliesMike Conley
76.7%
12.Portland Trail BlazersC.J. McCollum
76.7%
25.Indiana PacersMyles Turner
76.2%
13.Denver NuggetsNikola Jokic
75.8%
17.Miami HeatGoran Dragic
75.6%
6.New Orleans PelicansJrue Holiday
75.6%
14.Charlotte HornetsDwight Howard
75.3%
27.Dallas MavericksHarrison Barnes
75%
8.Houston RocketsClint Capela
75%
13.Denver NuggetsPaul Millsap
74.8%
10.Milwaukee BucksGiannis Antetokounmpo
74.4%
25.Indiana PacersVictor Oladipo
74.4%
23.Phoenix SunsEric Bledsoe
73.5%
Hint Answer % Correct
26.Orlando MagicAaron Gordon
73.1%
11.Washington WizardsOtto Porter
71%
10.Milwaukee BucksKhris Middleton
70.7%
16.Detroit PistonsReggie Jackson
68.9%
19.Los Angeles LakersBrandon Ingram
68.8%
10.Milwaukee BucksJabari Parker
66.5%
26.Orlando MagicNikola Vucevic
65.4%
12.Portland Trail BlazersJusuf Nurkic
64.7%
29.Atlanta HawksKent Bazemore
64.6%
28.Chicago BullsKriss Dunn
64.3%
23.Phoenix SunsTyson Chandler
62.2%
13.Denver NuggetsWilson Chandler
62%
9.Toronto RaptorsJonas Valanciunas
61.7%
14.Charlotte HornetsNicolas Batum
61.4%
24.Sacramento KingsGeorge Hill
60.2%
17.Miami HeatDion Waiters
59.3%
24.Sacramento KingsZach Randolph
59%
16.Detroit PistonsAvery Bradley
57.5%
26.Orlando MagicEvan Fournier
56.9%
21.Utah JazzRicky Rubio
56.7%
18.Los Angeles ClippersDanilo Gallinari
56.7%
24.Sacramento KingsBuddy Hield
55.9%
21.Utah JazzRodney Hood
54.8%
27.Dallas MavericksWesley Matthews
51.7%
20.New York KnicksJoakim Noah
43.6%
25.Indiana PacersDarren Collison
40.4%
22.Brooklyn NetsDeMarre Carroll
39.5%
29.Atlanta HawksErsan Ilyasova
37.6%
20.New York KnicksTim Hardaway Jr.
18.5%
15.Memphis GrizzliesBen McLemore
15.6%
Remove Ads.
Support Sporcle.
Get the best of Sporcle when you Go Orange. This ad-free experience offers more features, more stats, and more fun while also helping to support Sporcle. Thank you for becoming a member.

You're not logged in!

Compare scores with friends on all Sporcle quizzes.
OR
Log In

Sporcle TV

Today on Sporcle TV


Watch our educational content, quiz creation guides, and fun videos on Sporcle TV.

Show Comments

Extras

Created Sep 26, 2017ReportNominate
Tags:NBA Quiz, 2017-2018, Big 3, Rankings

Top Quizzes Today


Score Distribution

Paid Content

Your Account Isn't Verified!

In order to create a playlist on Sporcle, you need to verify the email address you used during registration. Go to your Sporcle Settings to finish the process.

Report this User

Report this user for behavior that violates our Community Guidelines.

Details: